| 000 | 00554cam a2200193ua 4500 | ||
|---|---|---|---|
| 020 |
_a81-203-1282-1 _c350.00 |
||
| 041 |
_aeng _h |
||
| 082 |
_a658.403801 _bLAU/MA |
||
| 100 | _aLauden, Kenneth C. | ||
| 245 |
_aManagement information systems: Organisation and technology / _cKenneth C Lauden. _hTextual Documents |
||
| 250 |
_a4 / _b. |
||
| 260 |
_aNew Delhi : _bPrentice Hall of India Pvt Ltd. , _c2002. |
||
| 300 | _a815 ; . | ||
| 365 | _a350.00 | ||
| 504 | _a | ||
| 700 | 1 | _aLauden, Jean Price . | |
| 942 | _cBK | ||
| 999 |
_c10766 _d10766 |
||